Minecraft Steve’s Lava Chicken Lyrics (A Minecraft Movie) - Statistics

General Stats
  • This quiz has been taken 281 times
  • The average score is 32 of 38
Answer Stats
Answer % Correct
La
100%
la
100%
la
100%
Ch
99%
ch
99%
ch
99%
Chicken
99%
chicken,
99%
lava
99%
lava
99%
lava
99%
a
94%
a
94%
Steve’s
93%
tasty
89%
as
88%
hell
88%
it’s
88%
it’s
88%
yeah,
86%
bell
84%
ringin’
83%
the
83%
attack!
80%
Ooh,
79%
Ooh,
79%
now
76%
now
76%
mamacita
74%
you’re
70%
you’re
70%
snack
69%
having
68%
spicy
68%
and
67%
Crispy
64%
juicy
64%
super
61%
No matching quizzes found
Score Distribution
Percent of People with Each Score
Percentile by Number Answered
Your Score History
You have not taken this quiz